| 000 | 00000nam 2200000zi 4500 |
| 001 | 9.939769 |
| 003 | CaOODSP |
| 005 | 20241127112631 |
| 006 | m o d f |
| 007 | cr bn||||||||| |
| 008 | 240625s1973 oncab ob f000 0 eng d |
| 040 | |aCaOODSP|beng|erda|cCaOODSP |
| 041 | 0 |aeng|beng|bfre |
| 043 | |an-cn-on|an-us-ny |
| 086 | 1 |aEn57-58/795-1973E-PDF |
| 100 | 1 |aWebb, M. S. |q(Michael S.)|eauthor. |
| 245 | 13|aAn assessment of the effects of the Niagara ice boom on ice conditions in eastern Lake Erie / |cby M.S. Webb = Une estimation de l'effet du barrage de glace de Niagara sur les conditions des glaces à l'est du lac Érié / par M.S. Webb. |
| 246 | 31|aEstimation de l'effet du barrage de glace de Niagara sur les conditions des glaces à l'est du lac Érié |
| 264 | 1|aDownsview, Ontario : |bEnvironment Canada, Atmospheric Environment Service, |c1973. |
| 300 | |a1 online resource (21 pages, 2 unnumbered pages) : |billustrations, maps. |
| 336 | |atext|btxt|2rdacontent |
| 337 | |acomputer|bc|2rdamedia |
| 338 | |aonline resource|bcr|2rdacarrier |
| 490 | 1 |aTechnical memoranda, |x0708-2878 ; |vTEC 795 |
| 500 | |aISSN of series supplied from ISSN Portal. |
| 500 | |a"U.D.C. 551.588.5"--Cover. |
| 500 | |a"23 August 1973"--Cover. |
| 500 | |aDigitized edition from print [produced by Environment and Climate Change Canada]. |
| 504 | |aIncludes bibliographical references (page 14). |
| 520 | 3 |a"An assessment has been made of the ways in which the Niagara Ice Boom could affect the ice regime of Lake Erie. Although a definitive evaluation was not possible due to a shortage of pertinent data, it would appear that the most significant effect as far as navigation is concerned occurs during the spring break-up. It was estimated that ice retained on Lake Erie by the presence of the boom could extend the ice season by about a day"--Abstract. |
| 546 | |aIncludes abstracts in English and French. |
| 650 | 0|aIce on rivers, lakes, etc.|zErie, Lake. |
| 650 | 0|aIce booms|xEnvironmental aspects|zNiagara River (N.Y. and Ont.) |
| 650 | 6|aGlace sur les cours d'eau, lacs, etc.|zÉrié, Lac. |
| 650 | 6|aEstacades à glace|xAspect de l'environnement|zNiagara, Rivière (N.Y. et Ont.) |
| 710 | 1 |aCanada. |bAtmospheric Environment Service, |eissuing body. |
| 830 | #0|aTechnical memoranda (Canada. Atmospheric Environment Service)|vTEC 795.|w(CaOODSP)9.934501 |
| 856 | 40|qPDF|s909 KB|uhttps://publications.gc.ca/collections/collection_2024/eccc/en57/En57-58-795-1973-eng.pdf |